| 000 | 01830cam a2200601 a 4500 | ||
|---|---|---|---|
| 001 | 21225 | ||
| 003 | VRT | ||
| 005 | 20260224162200.0 | ||
| 008 | 240318s2016 xo g 000 f slo | ||
| 015 | _aSNBA2017/05 | ||
| 020 |
_a9788081147432 _q(viaz.) |
||
| 035 | _aurn:nbn:sk:snk-am00d9wl | ||
| 035 | _aurn:nbn:sk:snk-am3huxw | ||
| 035 | _a087EAA96-A117-4E6A-A73A-48081DBC721B | ||
| 039 | 9 |
_a202403182134 _bVLOAD _c202002281524 _dVLOAD _c201705251233 _dcsnk08 _c201705250803 _dmsavuk02 |
|
| 040 |
_aPPPK _bslo _cPPPK _dSNK _eAACR2 |
||
| 041 | 0 | _aslo | |
| 043 | _aa-su--- | ||
| 044 |
_axo _cSK |
||
| 072 | 7 |
_a821.162.4-3 _xSlovenská próza _2konspekt |
|
| 080 |
_a821.162.4-31 _22011 |
||
| 080 |
_a(0:82-312.4) _22011 |
||
| 080 |
_a(532) _22011 |
||
| 100 | 1 |
_aBulbeck, Soňa, _d1961- _4aut |
|
| 245 | 1 | 0 |
_aVraždy v Arábii _cSoňa Bulbeck |
| 250 | _a1. vyd. | ||
| 260 |
_aBratislava _bMarenčin PT _c2016 |
||
| 300 |
_a191 s. _c21 cm |
||
| 651 | 7 |
_aSaudská Arábia _2SNKPH |
|
| 651 | 7 |
_aSaudi Arabia _2SNKPHeng |
|
| 655 | 7 |
_aslovenské romány _2SNKPH |
|
| 655 | 7 |
_adetektívne romány _2SNKPH |
|
| 655 | 7 |
_aSlovak fiction _2SNKPHeng |
|
| 655 | 7 |
_aDetective novels _2SNKPHeng |
|
| 910 | _apppk | ||
| 910 | _apokpoh | ||
| 910 | _askpk | ||
| 910 | _ahevk | ||
| 910 | _avthk | ||
| 910 | _asllk | ||
| 910 | _attkjf | ||
| 910 | _abjkdg | ||
| 910 | _atotk | ||
| 910 | _asnk | ||
| 910 | _asavuk | ||
| 942 |
_2ddc _cKLDO _n0 |
||
| 949 |
_6273K0608809 _asvkpoA 232774 _bsvkpo607706 |
||
| 949 |
_6270001000553377 _asvkbbA 149799 _bsvkbbm 766395 |
||
| 949 |
_617A1258275 _asnkSC 174502 _bsnk2017/10715 _o271/17 _s6100:20170616 |
||
| 949 |
_617A1257571 _asnkSC 174502 D1 _bsnk2017/10716 _o271/17 |
||
| 949 |
_62889325702 _asavukPV 23952 _bsavuk2017/1745 |
||
| 999 |
_c21225 _d21225 |
||